Statistics for Taylor Swift Lyrics: Speak Now

Click here to take the quiz!

General Stats

  • This quiz has been taken 10 times
  • The average score is 13 of 18

Answer Stats

HintAnswer% Correct
The lingering question kept me up, __ AM, who do you love?2
100%
Come on, come on, don't leave me like this. I thought I had you _____ ___.figured out
100%
Get me with those ____ eyes, baby, as the lights go down. Give me something that'll haunt me when you're not around.green
100%
You made a ____ of a careless man's careful daughter.rebel
100%
She took him faster than you could say _____.sabotage
100%
I miss your ___ ____, your sweet smile, so good to me, so right.tan skin
100%
I'm shining like fireworks over your ___ _____ _____.sad empty town
88%
The Cynics were outraged, screaming, "This is ____!"absurd
75%
I feel you forget me like I used to feel you ____.breathe
75%
No one's ever burned you. Nothing's ever left you _____.scarred
75%
___ and still growing up now.32
63%
Last night I heard my own heart beating. Sounded like ______ on my stairs.footsteps
63%
You held your ____ like you should've held me.pride
63%
Wishing the flowers were from you. Wishing the card was from you. Wishing the ___ was from you.call
50%
Washed up and ranting about the same old bitter things. _____ ___ ________ on about how I can't sing.drunk and grumbling
50%
Ghosts from your past gonna jump out at me. Lurking in the shadows with their ___ _____ ______.lip gloss smiles
38%
Why you taking shots at me like somebody's gonna give you a ____?medal
38%
I'm a little over it and she's still not me. So long and back to ____.reality
25%

Score Distribution

Percentile by Number Answered

Percent of People with Each Score

Your Score History

You have not taken this quiz